Property risks analysis and its impact on bank lending in the UK between 1985-1990

Bibliographic Details
Main Author: Mani Usilappan
Format: Book
Published: South Bank University , 1993
Subjects:
Online Access:http://app.inspen.gov.my:7779/pls/portal/docs/PAGE/CORPORATEPAGES/PORTAL_INSPEN/THESIS_INSPEN/E.PDF

MARC

LEADER 00000cam a2200000 7i4500
001 0000007313
005 20071119.0
040 |a INS 
090 0 0 |a THESIS 7 
100 0 |a Mani Usilappan 
245 1 0 |a Property risks analysis and its impact on bank lending in the UK between 1985-1990   |c Mani Usilappan 
260 |a South Bank University ,   |c 1993 
300 |a 103p. ;   |c 30cm. 
500 |a Digital document is available on-line; Please click the URL below 
500 |a Dissertation (M. SC. in property Development of South Bank University, Faculty of the Built Environment, Department of Estate Management 
650 0 0 |a Bank loans 
650 0 0 |a Bank loans   |z United Kingdom 
650 0 0 |a Property risk 
650 0 0 |a Real property   |x Finance 
856 |u http://app.inspen.gov.my:7779/pls/portal/docs/PAGE/CORPORATEPAGES/PORTAL_INSPEN/THESIS_INSPEN/E.PDF 
999 |a THE0000010   |b BOOK   |c Thesis   |e Default branch